01161nam a2200193Ia 4500001001100000003001000011008004100021040002500062041001300087100004200100245004800142250001100190260009200201300001200293500026000305501011400565520026000679650002800939L264-20503IT-CnALBA170116s9999||||xx |||||||||||||| ||und|| aIT-CnALBAcIT-CnALBA aITALIANO aGUERANGER PROSPERO, ABATE DI SOLESMES 0aL'ANNO LITURGICO. TEMPO PASQUALE. VOL. IV.  a1a ed. aCINISELLO BALSAMO (MI)bEDIZIONI PAOLINEc1957 [1° Ed.:1957 - Ed.Ling.Originale: 1948] a614 p.  aTRADUZIONE DAL FRANCESE. STORIA MISTICA PRATICA DEL TEMPO PASQUALE. GIORNO DI PASQUA. ASCENSIONE. PENTECOSTE. PROPRIO DEI SANTI. SANTI DI APRILE E MAGGIO. S. LEONE PAPA. SANT'ERMENEGILDO. SAN GIUSTINO. TIBURZIO VALERIANO E MASSIMO. ANICETO. ANSELMO. SOTER aSocietà San Paolo EM - Piazza San Paolo, 14 - 12051 ALBA (CN) (non commercial uses only) ® Copyright 2017 aTRADUZIONE DAL FRANCESE. STORIA MISTICA PRATICA DEL TEMPO PASQUALE. GIORNO DI PASQUA. ASCENSIONE. PENTECOSTE. PROPRIO DEI SANTI. SANTI DI APRILE E MAGGIO. S. LEONE PAPA. SANT'ERMENEGILDO. SAN GIUSTINO. TIBURZIO VALERIANO E MASSIMO. ANICETO. ANSELMO. SOTER aCULTO PUBBLICO LITURGIA